00307nam a22001217a 4500003000500000005001700005008004100022040000800063082001400071245005100085260003100136300001800167Nust20170308133632.0170308b xxu||||| |||| 00| 0 eng d cDLC a910.3 KRI aAcademic Dictionary of Tourism /cKrishan,J.K. aDelhi :bISHA Books,c2005 a298p. :c25cm